[Event "Tan Chin Nam Cup"]
[Site "Qingdao CHN"]
[Date "2002.07.04"]
[Round "1"]
[White "Schneider,Dm"]
[Black "Zhang Zhong"]
[Result "1/2-1/2"]
[WhiteElo "2429"]
[BlackElo "2637"]
[EventDate "2002.07.06"]

1. e4 d6 2. d4 Nf6 3. Nc3 g6 4. Nf3 Bg7 5. Be2 O-O 6. O-O a6 7. Bg5 h6 8.
Bh4 b5 9. e5 Nfd7 10. Nd5 Nc6 11. a4 Rb8 12. axb5 axb5 13. exd6 cxd6 14.
Re1 g5 15. Nxg5 hxg5 16. Bxg5 f6 17. Bh4 e5 18. c3 Nb6 19. Bf3 Rf7 20. Nxb6
Qxb6 21. Bd5 Ne7 22. Bxf7+ Kxf7 23. Qh5+ Kf8 24. Re3 Nd5 25. Rf3 Qc7 26.
dxe5 dxe5 27. Bg3 Kg8 28. Qe8+ Kh7 29. Qh5+ Kg8 30. Qe8+ Kh7 31. Qh5+ Bh6
32. Rd1 Nf4 33. Bxf4 exf4 34. Rfd3 Qg7 35. f3 Be6 36. Rd6 Rg8 37. R1d2 Qa7+
38. R2d4 Rg5 39. Qe8 Bh3 40. Qe4+ Kg7 41. g4 fxg3 42. hxg3 Re5 43. Qh4 Be6
44. Rxe6 Rxe6 45. Qg4+ Kf7 46. Qh5+ Ke7 47. Kg2 Qa1 48. Qc5+ Kf7 49. Qh5+
Ke7 50. Qc5+ Kf7 51. Qh5+ 1/2-1/2

[Event "Tan Chin Nam Cup"]
[Site "Qingdao CHN"]
[Date "2002.07.04"]
[Round "2"]
[White "Li Wenliang"]
[Black "Barua,D"]
[Result "1/2-1/2"]
[WhiteElo "2506"]
[BlackElo "2542"]
[EventDate "2002.07.06"]

1. b3 d5 2. Bb2 Bf5 3. Nf3 e6 4. c4 c6 5. g3 Nf6 6. Bg2 Be7 7. O-O O-O 8.
d3 h6 9. Nbd2 a5 10. a3 Bh7 11. Rc1 Nbd7 12. Rc2 Ne8 13. Qa1 Bf6 14. Rfc1
Bxb2 15. Qxb2 Qf6 16. Qxf6 Nexf6 17. Rb2 Ra7 18. h3 Rfa8 19. cxd5 exd5 20.
Nd4 Kf8 21. f4 Re8 22. Kf2 Ra6 1/2-1/2

[Event "Tan Chin Nam Cup"]
[Site "Qingdao CHN"]
[Date "2002.07.05"]
[Round "3"]
[White "Epishin,V"]
[Black "Nguyen Anh Dung"]
[Result "0-1"]
[WhiteElo "2643"]
[BlackElo "2517"]
[EventDate "2002.07.06"]

1. d4 Nf6 2. c4 e6 3. Nc3 Bb4 4. e3 c5 5. Nge2 b6 6. a3 Ba5 7. Rb1 Na6 8.
Bd2 O-O 9. Ng3 Bb7 10. Bd3 Bxg2 11. Rg1 Bb7 12. b4 cxb4 13. Nce4 Bxe4 14.
Nxe4 bxa3 15. Bxa5 bxa5 16. Nxf6+ Qxf6 17. Qh5 Rfb8 18. Bxh7+ Kf8 19. Qxa5
g6 20. Ke2 Qf5 21. Qxa3+ Kg7 22. Bxg6 fxg6 23. Qe7+ Kg8 24. Qxd7 Rxb1 25.
Rxb1 Qc2+ 0-1

[Event "Tan Chin Nam Cup"]
[Site "Qingdao CHN"]
[Date "2002.07.05"]
[Round "3"]
[White "Bu Xiangzhi"]
[Black "Li Wenliang"]
[Result "1-0"]
[WhiteElo "2602"]
[BlackElo "2506"]
[EventDate "2002.07.06"]

1. Nf3 Nf6 2. c4 e6 3. g3 d5 4. Bg2 dxc4 5. Qa4+ Nbd7 6. Qxc4 a6 7. Qc2 c5
8. O-O b6 9. Nc3 Bb7 10. Rd1 Rc8 11. a4 Be7 12. d4 cxd4 13. Rxd4 Nd5 14. e4
Nxc3 15. bxc3 Qc7 16. Bf4 Qxc3 17. Qd1 Nc5 18. Rb1 O-O 19. Bd2 Qa3 20. Bb4
Qa2 21. Rd2 Qxa4 22. Qxa4 Nxa4 23. Bxe7 Rfe8 24. Ba3 Bxe4 25. Rb4 Bc6 26.
Rd6 b5 27. Nd4 Bxg2 28. Kxg2 Rc3 29. Rxa6 1-0

[Event "Tan Chin Nam Cup"]
[Site "Qingdao CHN"]
[Date "2002.07.05"]
[Round "3"]
[White "Lin Weiguo"]
[Black "Zhang Pengxiang"]
[Result "0-1"]
[WhiteElo "2463"]
[BlackElo "2550"]
[EventDate "2002.07.06"]

1. d4 d5 2. c4 c6 3. cxd5 cxd5 4. Nc3 Nf6 5. Bf4 Nc6 6. e3 Bf5 7. Nf3 e6 8.
Qb3 Bb4 9. Bb5 O-O 10. O-O Qe7 11. Bxc6 bxc6 12. Rac1 c5 13. dxc5 Bxc5 14.
Na4 Bd6 15. Bxd6 Qxd6 16. Nd4 Ng4 17. g3 Bg6 18. Rc6 Qd8 19. Rfc1 h5 20.
Nc5 Ne5 21. Ra6 Rc8 22. Rxa7 h4 23. Rc3 hxg3 24. hxg3 Qg5 25. Nd7 Nxd7 26.
Rxd7 Be4 27. Kf1 Qh5 28. Rcc7 Rb8 29. Rb7 Rxb7 30. Rxb7 e5 31. Nc6 d4 32.
Rb8 Rxb8 0-1

[Event "Tan Chin Nam Cup"]
[Site "Qingdao CHN"]
[Date "2002.07.05"]
[Round "4"]
[White "Bu Xiangzhi"]
[Black "Barua,D"]
[Result "1/2-1/2"]
[WhiteElo "2602"]
[BlackElo "2542"]
[EventDate "2002.07.06"]

1. Nf3 d5 2. d4 Nf6 3. c4 e6 4. e3 c6 5. Nbd2 Nbd7 6. Bd3 Bd6 7. O-O O-O 8.
e4 dxe4 9. Nxe4 Nxe4 10. Bxe4 h6 11. Bc2 e5 12. b3 Re8 13. Re1 Bb4 14. Bd2
Bxd2 15. Qxd2 exd4 16. Rxe8+ Qxe8 17. Re1 Qf8 18. Qxd4 Nf6 19. Nh4 Be6 20.
Bf5 c5 21. Qc3 Bxf5 22. Nxf5 Re8 23. h3 Rxe1+ 24. Qxe1 Qe8 25. Qxe8+ Nxe8
26. Ne7+ Kf8 27. Nc8 a6 28. Kf1 f5 29. Nb6 Ke7 1/2-1/2

[Event "Tan Chin Nam Cup"]
[Site "Qingdao CHN"]
[Date "2002.07.05"]
[Round "4"]
[White "Zhang Zhong"]
[Black "Wang Yue"]
[Result "1/2-1/2"]
[WhiteElo "2637"]
[BlackElo "2455"]
[EventDate "2002.07.06"]

1. e4 c5 2. Nf3 g6 3. d4 Bg7 4. c3 cxd4 5. cxd4 d5 6. e5 Nc6 7. Bb5 Bg4 8.
Nbd2 Rc8 9. O-O e6 10. h3 Bxf3 11. Nxf3 Nge7 12. b3 O-O 13. Bd3 Qa5 14. Bb2
Rc7 15. Qe1 Qxe1 16. Raxe1 Rfc8 17. Re2 Bh6 18. Bb1 Nb4 19. Ree1 b5 20. Rd1
Nc2 21. g3 a5 22. Ne1 Nxe1 23. Rfxe1 Nc6 24. f4 Nb4 25. Rc1 Nc2 26. Red1
Bf8 27. Rd2 Ba3 1/2-1/2

[Event "Tan Chin Nam Cup"]
[Site "Qingdao CHN"]
[Date "2002.07.05"]
[Round "4"]
[White "Ramesh,R"]
[Black "Xu Jun"]
[Result "0-1"]
[WhiteElo "2456"]
[BlackElo "2654"]
[EventDate "2002.07.06"]

1. e4 c5 2. Nf3 d6 3. d4 cxd4 4. Nxd4 Nf6 5. Nc3 a6 6. Be3 e5 7. Nb3 Be6 8.
f3 h5 9. Qd2 Nbd7 10. O-O-O Rc8 11. Kb1 Be7 12. g3 Qc7 13. h4 b5 14. Bg5
Nb6 15. Bxf6 gxf6 16. Nd5 Nxd5 17. exd5 Bf5 18. Bd3 Bd7 19. f4 f5 20. Rhe1
e4 21. Bf1 Bf6 22. Bh3 b4 23. Qf2 a5 24. Nd4 Qc5 25. Rd2 Bxd4 26. Qxd4 Qxd4
27. Rxd4 Ke7 28. Re3 Rc5 29. Bf1 Rhc8 30. Rd2 Kf6 31. Be2 Kg6 32. a3 R8c7
33. axb4 axb4 34. Bd1 Bb5 35. Be2 Bxe2 36. Rexe2 b3 37. c3 Ra7 38. Rd4 Rca5
39. Kc1 Ra1+ 40. Kd2 R7a2 41. Ke3 Rg1 42. Rb4 Rxg3+ 43. Kd4 Kf6 44. Rd2 Ra6
45. Kc4 Rf3 46. Kb5 Ra8 47. Kc6 Rd8 48. Rxb3 Rxf4 49. c4 Rf1 50. Kc7 Ke7
51. Re3 Ra1 52. Rf2 Ra7+ 53. Kb6 Ra4 54. Kb5 Ra2 55. c5 Rb8+ 56. Kc4 Ra4+
57. Kc3 Kf6 58. c6 Ke5 59. b3 Ra5 0-1

[Event "Tan Chin Nam Cup"]
[Site "Qingdao CHN"]
[Date "2002.07.05"]
[Round "4"]
[White "Liu Shilan"]
[Black "Kaidanov,G"]
[Result "1/2-1/2"]
[WhiteElo "2226"]
[BlackElo "2638"]
[EventDate "2002.07.06"]

1. e4 e6 2. d4 d5 3. Nc3 Bb4 4. exd5 exd5 5. Qf3 Qe7+ 6. Nge2 Nc6 7. Be3
Nf6 8. h3 Ne4 9. O-O-O Bxc3 10. Nxc3 Nxc3 11. bxc3 Be6 12. Bd3 O-O-O 13.
Kb2 Na5 14. Bf4 Qd7 15. Ka1 Bf5 16. Bg5 Bxd3 17. cxd3 Rde8 18. Rb1 Re6 19.
Rb2 Rhe8 20. Rhb1 Rb6 21. Be3 Nc6 22. Rxb6 axb6 23. Bd2 Nd8 24. Re1 Rxe1+
25. Bxe1 Ne6 26. Bd2 c5 27. dxc5 Nxc5 28. Be3 Nxd3 29. Bxb6 Ne5 30. Qe3 Nc6
31. Kb2 Qe6 32. Qc5 g6 33. a4 Kd7 34. Qb5 Qe4 35. Be3 Kc8 36. g3 Qc4 37.
Kc2 Qa2+ 38. Kd1 Qa1+ 39. Kd2 Qa2+ 40. Ke1 Qa1+ 41. Kd2 Qa2+ 42. Ke1
1/2-1/2

[Event "Tan Chin Nam Cup"]
[Site "Qingdao CHN"]
[Date "2002.07.06"]
[Round "5"]
[White "Barua,D"]
[Black "Ganguly,S"]
[Result "1/2-1/2"]
[WhiteElo "2542"]
[BlackElo "2524"]
[EventDate "2002.07.06"]

1. e4 e5 2. Nf3 Nc6 3. Bc4 Nf6 4. d3 Be7 5. O-O O-O 6. Bb3 d6 7. c3 Na5 8.
Bc2 c5 9. d4 Qc7 10. h3 b5 11. Re1 Rd8 12. Nbd2 a6 13. d5 c4 14. Nf1 Nb7
15. g4 Nc5 16. Ng3 Ne8 17. Nf5 Bf8 18. Kh2 a5 19. Rg1 b4 20. Bg5 Rd7 21.
Nd2 Ba6 22. Ne3 Rb8 23. Ndxc4 bxc3 24. bxc3 Bxc4 25. Nxc4 Nxe4 26. Bxe4
Qxc4 27. Qd3 Qxd3 28. Bxd3 Be7 29. Be3 Rc7 30. Rgc1 h6 31. c4 Bg5 32. Rab1
Rxb1 33. Rxb1 Bxe3 34. fxe3 Kf8 35. Rb6 Ke7 36. Kg3 g6 37. h4 Kd7 38. Rb8
Rc8 39. Rb7+ Rc7 40. Rb8 Rc8 1/2-1/2

[Event "Tan Chin Nam Cup"]
[Site "Qingdao CHN"]
[Date "2002.07.06"]
[Round "5"]
[White "Mikhalevski,V"]
[Black "Zhang Zhong"]
[Result "1-0"]
[WhiteElo "2520"]
[BlackElo "2637"]
[EventDate "2002.07.06"]

1. d4 f5 2. g3 Nf6 3. Bg2 g6 4. c4 Bg7 5. Nc3 d6 6. Nf3 O-O 7. O-O Qe8 8.
d5 a5 9. Nd4 Na6 10. b3 Nc5 11. Rb1 Bd7 12. a3 c6 13. b4 axb4 14. axb4 Nce4
15. Nxe4 Nxe4 16. Qd3 cxd5 17. cxd5 Qf7 18. Be3 Qxd5 19. Nxf5 Qxd3 20. exd3
Nc3 21. Nxe7+ Kf7 22. Rbe1 Be6 23. Bg5 Rae8 24. Re3 Bd4 25. Rf3+ Kg7 26.
Rxf8 Kxf8 27. Re1 Bd5 28. Bxd5 Nxd5 29. Re4 Nc3 30. Rh4 Kg7 31. Kf1 Be5 32.
Rc4 d5 33. Rc5 h6 34. f4 Bd6 35. Rxc3 hxg5 36. Nxd5 gxf4 37. Nxf4 Kf6 38.
Rc4 Ra8 39. Rd4 Be5 40. Re4 Bc3 41. Nd5+ 1-0

[Event "Tan Chin Nam Cup"]
[Site "Qingdao CHN"]
[Date "2002.07.07"]
[Round "6"]
[White "Nguyen Anh Dung"]
[Black "Xu Jun"]
[Result "1/2-1/2"]
[WhiteElo "2517"]
[BlackElo "2654"]
[EventDate "2002.07.06"]

1. d4 d5 2. c4 c6 3. Nc3 Nf6 4. cxd5 cxd5 5. Bf4 Nc6 6. e3 a6 7. Rc1 Bg4 8.
Be2 Bxe2 9. Ngxe2 e6 10. O-O Be7 11. Na4 Nd7 12. Bg3 O-O 13. Nf4 Qa5 14. a3
Rfc8 15. b4 Qd8 16. Nc5 Nxc5 17. dxc5 b6 18. cxb6 Qxb6 19. Qg4 Qb7 20. Qe2
Bf8 21. h3 Na7 22. Nd3 Qb5 23. e4 d4 24. f4 Rxc1 25. Rxc1 Rc8 26. Rxc8 Nxc8
27. Qc2 Nd6 28. Bf2 Nxe4 29. Bxd4 h6 30. Kh2 Qd5 31. Bc5 Bd6 32. Bxd6 Nxd6
33. Nc5 Qd4 34. Qc1 Nc4 35. Nxa6 Nd2 36. Nc5 Qf2 37. Kh1 Nf1 38. b5 Ng3+
39. Kh2 Nf1+ 40. Kh1 Ng3+ 41. Kh2 1/2-1/2

[Event "Tan Chin Nam Cup"]
[Site "Qingdao CHN"]
[Date "2002.07.07"]
[Round "6"]
[White "Liang Chong"]
[Black "Shabalov,A"]
[Result "1/2-1/2"]
[WhiteElo "2529"]
[BlackElo "2624"]
[EventDate "2002.07.06"]

1. d4 Nf6 2. c4 e6 3. Nf3 b6 4. a3 Bb7 5. Nc3 g6 6. d5 exd5 7. cxd5 Bg7 8.
g3 O-O 9. Bg2 Na6 10. O-O Nc5 11. Be3 Re8 12. Bd4 a5 13. Nd2 a4 14. Qc2 d6
15. Rad1 Qd7 16. Nde4 Nfxe4 17. Nxe4 Qf5 18. Bxg7 Kxg7 19. g4 Qf4 20. e3
Qe5 21. f4 Qe7 22. Qc3+ f6 23. Rd4 Kg8 24. Nxc5 bxc5 25. Re4 Qg7 26. Rxe8+
Rxe8 27. Re1 Qe7 28. h3 g5 29. Kf2 Bc8 30. f5 Bd7 31. Qa5 Rb8 32. Re2 Bb5
33. Rd2 Be8 34. e4 Rb3 35. Kg1 Kg7 36. Rf2 Rb6 37. Qa7 h5 38. gxh5 Kh6 39.
Bf3 Rb3 40. Kg2 Re3 41. Qb8 Qd7 42. Qa8 Rb3 43. Bd1 Re3 44. Bf3 Rd3 45. Be2
Rb3 46. Bd1 Re3 1/2-1/2

[Event "Tan Chin Nam Cup"]
[Site "Qingdao CHN"]
[Date "2002.07.07"]
[Round "6"]
[White "Dao Thien Hai"]
[Black "Epishin,V"]
[Result "1-0"]
[WhiteElo "2539"]
[BlackElo "2643"]
[EventDate "2002.07.06"]

1. d4 Nf6 2. c4 e6 3. Nc3 Bb4 4. Qc2 O-O 5. a3 Bxc3+ 6. Qxc3 b6 7. Bg5 Bb7
8. f3 d6 9. e3 Nbd7 10. Nh3 Rc8 11. Bd3 c5 12. O-O cxd4 13. Qxd4 h6 14. Bh4
Nc5 15. Bc2 e5 16. Qd2 Qe7 17. Rad1 Rfd8 18. Bf5 Rc7 19. f4 exf4 20. Rxf4
Ne6 21. Bxf6 gxf6 22. Rh4 Kg7 23. Nf4 Nxf4 24. Rxf4 Qe5 25. b3 Kf8 26. e4
b5 27. cxb5 Qxb5 28. Rf3 h5 29. Rd3 Ke7 30. Kh1 Qe5 31. h3 a5 32. b4 axb4
33. axb4 Rc4 34. Ra3 Qb5 35. e5 fxe5 36. Ra5 Qb6 37. Qg5+ Ke8 38. Rf1 Qxb4
39. Ra7 Rf4 40. Rb1 Rxf5 41. Qg8+ Kd7 42. Rxb7+ 1-0

[Event "Tan Chin Nam Cup"]
[Site "Qingdao CHN"]
[Date "2002.07.08"]
[Round "8"]
[White "Novikov,I"]
[Black "Wu Wenjin"]
[Result "1/2-1/2"]
[WhiteElo "2601"]
[BlackElo "2533"]
[EventDate "2002.07.06"]

1. d4 d5 2. c4 c6 3. Nf3 e6 4. Qc2 Nf6 5. Bg5 h6 6. Bxf6 Qxf6 7. Nc3 Nd7 8.
e4 dxe4 9. Qxe4 Bb4 10. Rc1 c5 11. d5 Qe7 12. dxe6 O-O 13. exf7+ Qxf7 14.
Be2 Re8 15. Qc2 Bxc3+ 16. Qxc3 Nb6 17. b3 Bg4 18. Rc2 Bxf3 19. Qxf3 Qxf3
20. gxf3 Nd7 21. Rc3 Nf8 22. Re3 Ng6 23. Bd3 Nf4 24. Rxe8+ Rxe8+ 25. Be4
Kf7 26. Rg1 b6 27. h4 Kf6 28. Kd2 Rd8+ 29. Kc2 Rd7 30. a3 a5 31. b4 axb4
32. axb4 cxb4 33. Kb3 Rd2 34. Kxb4 Rxf2 35. Rg4 g5 36. hxg5+ hxg5 37. Rg1
Rb2+ 38. Ka3 Rd2 39. Rb1 Ke5 40. Rb5+ Kd4 41. Rxb6 Kxc4 42. Rb4+ Kc3 43.
Rb3+ Kd4 44. Rb4+ Ke3 45. Rb3+ 1/2-1/2